000
00309nam a2200133Ia 4500
005
20260328101523.0
008
260328s9999||||xx |||||||||||||| ||und||
100
_a
Luhan, Gregory
245
0
_a
Live.light /
_c
Gregory Luhan
260
_b
ORO
300
_a
91 p.
650
_a
ARQUITECTURA Y CLIMA
942
_c
BK
999
_c
9678
_d
9678